Children's Book Characters II Quiz Stats

 Plays Quiz Updated Sep 10, 2015

Challenge
Share
Tweet
Score 0/16 Timer 06:00
2 Plays Today
Hint Answer % Correct
Winnie-the-Pooh
93%
The Lorax
83.4%
Captain Underpants
71.4%
Matilda
66.9%
Harold
54.7%
Corduroy
54%
Max
51.6%
Ramona Quimby
38.3%
Hint Answer % Correct
Fern Arable
31.7%
Sal
29.2%
Strega Nona
28.2%
Stellaluna
27.5%
Emily Elizabeth
22.3%
Frances
21.2%
Harriet the Spy
21%
Greg Heffley
20.9%

You're not logged in!

Compare scores with friends on all Sporcle quizzes.
Join for Free
OR
Log In

You Might Also Like...

Show Comments

Extras

Top Quizzes Today


Score Distribution

Your Account Isn't Verified!

In order to create a playlist on Sporcle, you need to verify the email address you used during registration. Go to your Sporcle Settings to finish the process.

Report this User

Report this user for behavior that violates our Community Guidelines.

Details: